<?xml version="1.0" encoding="UTF-8"?>
<record
    xmlns:xsi="http://www.w3.org/2001/XMLSchema-instance"
    xsi:schemaLocation="http://www.loc.gov/MARC21/slim http://www.loc.gov/standards/marcxml/schema/MARC21slim.xsd"
    xmlns="http://www.loc.gov/MARC21/slim">

  <leader>01385nab a2200241 a 4500</leader>
  <controlfield tag="005">20250203074432.0</controlfield>
  <controlfield tag="007">ta</controlfield>
  <controlfield tag="008">250203edr      dr |||||r||||||0| 0 spa d</controlfield>
  <datafield tag="040" ind1=" " ind2=" ">
    <subfield code="a">DO-SdBNP</subfield>
    <subfield code="c">DO-SdBNP</subfield>
    <subfield code="e">rda</subfield>
  </datafield>
  <datafield tag="041" ind1=" " ind2=" ">
    <subfield code="h">spa</subfield>
  </datafield>
  <datafield tag="100" ind1=" " ind2=" ">
    <subfield code="a">Mateo, Fel&#xED;x</subfield>
    <subfield code="9">86936</subfield>
  </datafield>
  <datafield tag="245" ind1=" " ind2=" ">
    <subfield code="a">Econom&#xED;a del gas natural l&#xED;quido /</subfield>
    <subfield code="c">Fel&#xED;x Mateo.</subfield>
  </datafield>
  <datafield tag="264" ind1=" " ind2=" ">
    <subfield code="a">Santo Domingo, Rep&#xFA;blica Dominicana :</subfield>
    <subfield code="b">Revista GEM, </subfield>
    <subfield code="c">2013.</subfield>
  </datafield>
  <datafield tag="300" ind1=" " ind2=" ">
    <subfield code="a">p&#xE1;ginas 11 ; </subfield>
    <subfield code="c">27 cm.</subfield>
  </datafield>
  <datafield tag="336" ind1=" " ind2=" ">
    <subfield code="a">texto</subfield>
    <subfield code="b">txt </subfield>
    <subfield code="2">rdacontent </subfield>
  </datafield>
  <datafield tag="337" ind1=" " ind2=" ">
    <subfield code="a">sin mediaci&#xF3;n </subfield>
    <subfield code="b">n</subfield>
    <subfield code="2">rdamedia</subfield>
  </datafield>
  <datafield tag="338" ind1=" " ind2=" ">
    <subfield code="a">volumen</subfield>
    <subfield code="b">nc</subfield>
    <subfield code="2">rdacarrier</subfield>
  </datafield>
  <datafield tag="362" ind1=" " ind2=" ">
    <subfield code="a">A&#xF1;o 1, No.1. Diciembre 2013.</subfield>
  </datafield>
  <datafield tag="521" ind1=" " ind2=" ">
    <subfield code="a">Las fuentes energ&#xE9;ticas a bajo costo son vitales para el desarrollo econ&#xF3;mico de los sectores productivos y la prosperidad de una naci&#xF3;n; estos sectores para ser competitivos buscan alternativas m&#xE1;s econ&#xF3;micas que le permitan un mejor posicionamiento en el mercado. En las &#xFA;ltimas d&#xE9;cadas el consumo de Gas Natural se ha mantenido creciendo por la fuerte demanda y adem&#xE1;s se debe a sus bondades econ&#xF3;micas, ambientales y a su alta eficiencia energ&#xE9;tica; razones que nos obligan a tratar m&#xE1;s profundamente las interioridades y caracter&#xED;sticas de este combustible.  </subfield>
  </datafield>
  <datafield tag="650" ind1=" " ind2="0">
    <subfield code="a">Gas natural l&#xED;quido</subfield>
    <subfield code="9">86937</subfield>
    <subfield code="v">Publicaciones peri&#xF3;dicas </subfield>
    <subfield code="z">Rep&#xFA;blica Dominicana</subfield>
  </datafield>
  <datafield tag="773" ind1="0" ind2=" ">
    <subfield code="0">58095</subfield>
    <subfield code="9">320241</subfield>
    <subfield code="o">2025-0579</subfield>
    <subfield code="t">Gas Energ&#xED;a &amp; Minas /</subfield>
  </datafield>
  <datafield tag="942" ind1=" " ind2=" ">
    <subfield code="2">ddc</subfield>
    <subfield code="c">ISSUE</subfield>
  </datafield>
  <datafield tag="999" ind1=" " ind2=" ">
    <subfield code="c">58099</subfield>
    <subfield code="d">58099</subfield>
  </datafield>
</record>
